000 00500nam a22001577a 4500
003 macl
005 20200910125750.0
008 200910b xxu||||| |||| 00| 0 eng d
040 _cmacl
082 _a800/DEV
100 _aदेवी,ममता
_979562
245 _aकालजयी उपन्‍यास
260 _aदिल्‍ली
_bस्‍वराज प्रकाशन
_c2018
650 _aसाहित्‍य उपन्‍यास
_953277
942 _2ddc
_cHIN
999 _c63210
_d63210